[Event "Hastings 00 75th"]
[Site "Hastings"]
[Date "2000.01.04"]
[Round "1"]
[White "Sokolov, Ivan"]
[Black "Speelman, Jonathan S"]
[Result "1/2-1/2"]
[WhiteElo "2637"]
[BlackElo "2604"]
[Annotator "Stohl,I"]
[PlyCount "99"]
[EventDate "2000.01.04"]
[EventType "tourn"]
[EventRounds "9"]
[EventCountry "ENG"]
[EventCategory "13"]
[SourceTitle "CBM 075"]
[Source "ChessBase"]
[SourceDate "2000.04.05"]
[SourceVersion "1"]
[SourceVersionDate "2000.04.05"]
[SourceQuality "1"]

1. d4 e6 2. c4 b6 3. Nc3 Bb4 4. Nf3 Bb7 5. Bg5 Ne7 $5 (5... Nf6 {-E12 Speelman
strives for an original position.}) ({Another atypical approach is} 5... f6 $5
6. Bd2 (6. Bh4 Ne7 7. e3 Ng6 8. Bg3 O-O 9. h4 Ne7 10. Bd3 f5 11. Kf1 Bxc3 12.
bxc3 h6 13. h5 d6 14. Rb1 Nd7 15. Qb3 Kh8 16. Rd1 Qe8 17. Be2 Nf6 18. Nd2 Bc6
19. Qa3 Nd7 20. Nf3 a5 21. Rb1 Rb8 22. Rb2 Kh7 23. Bf4 Qc8 24. Rh2 Rf7 25. Rh1
Qb7 $15 {Kranz,A-Topalov,V/Dornbirn op/1990/}) 6... f5 7. a3 (7. e3 Nf6 8. Bd3
O-O 9. O-O Bxc3 10. Bxc3 Ne4 11. Rc1 d6 12. Nd2 Qg5 13. Nxe4 fxe4 14. Be2 Nd7
15. Bg4 Rae8 16. d5 Nc5 17. b4 Nd3 18. Bxe6+ Rxe6 19. dxe6 Nxc1 $11 {1/2,
Kanikevich,A-Kengis,E/Sydney Cepacol/1991/}) 7... Be7 (7... Bxc3 $142) 8. e3
Nf6 9. Qc2 O-O 10. Bd3 c5 11. d5 g6 12. h4 $5 b5 13. h5 bxc4 14. Bxc4 Nxd5 15.
Nxd5 exd5 16. Qb3 dxc4 17. Qxb7 Nc6 18. hxg6 hxg6 19. Qb5 Rf7 20. Bc3 Bf6 21.
Qxc4 Bxc3+ 22. bxc3 Qe7 23. Rd1 Rd8 24. Rd5 d6 25. Qf4 Ne5 26. Ng5 $36 {
Milov,V-Yewdokimov,O/Zuerich op/1993/}) 6. Qb3 $146 (6. e3 f6 7. Bf4 g5 $6 8.
Nxg5 fxg5 9. Qh5+ Ng6 10. Be5 O-O 11. Bd3 Qe8 12. h4 Qf7 13. hxg5 Bxg2 14.
O-O-O Bxh1 15. Rxh1 Bxc3 16. bxc3 Nc6 17. Bf6 a5 18. d5 Nce7 19. Bxe7 Qxe7 20.
Bxg6 hxg6 21. Qh8+ Kf7 22. Rh7+ $16 {Martin Canfran,R-Fluvia,J/Paretana/2000/})
(6. Qd3 f5 7. g3 Be4 8. Qe3 h6 9. Bxe7 Qxe7 10. Bg2 d6 11. O-O Bxc3 12. Qxc3
Nd7 13. Nh4 Bxg2 14. Nxg2 Qf6 15. f4 O-O 16. Rfe1 e5 17. dxe5 dxe5 18. Rad1 Rf7
19. e4 fxe4 20. Rxe4 exf4 21. Qf3 Raf8 22. Rxf4 Qe7 23. Rxf7 Qxf7 24. Qxf7+
Rxf7 25. Nf4 Ne5 $11 {Chabanon,J-Bezsilko,P/Val Thorens/1988/}) 6... h6 7. Bd2
(7. Qxb4 $6 hxg5 $36 {<->h} 8. Nxg5 $4 Nec6 $19) 7... a5 (7... c5 8. a3 Bxc3 9.
Bxc3 $14 {/\} O-O $6 10. dxc5 Bxf3 11. gxf3 bxc5 12. Rg1 $40) 8. a3 Bxc3 9.
Bxc3 O-O 10. e3 d5 {Black has various possibilities of handling his [+]P, a
possible alternative was} (10... d6 11. Bd3 a4 12. Qc2 c5 $5 $132) 11. cxd5
Nxd5 12. Be2 Nd7 13. O-O $14 {[%csl Rb5] ><b5 White has some edge due to the
weakness of b5, which discourages the logical c5 advance.} Nxc3 14. bxc3 (14.
Qxc3 $5 $14) 14... e5 $1 $132 15. Rfd1 (15. dxe5 Qe7 $11) (15. Nxe5 $2 Nxe5 16.
dxe5 Qg5 $36) 15... Qe7 16. Bb5 ({More chances to fight for an advantage were
offered by} 16. Nd2 $142 Rad8 17. Bf3 Bxf3 18. Nxf3 e4 19. Nd2 $11 {[%csl Gc1,
Gc2,Gc3,Gc4,Gc5,Gc6,Gc7][%cal Yc3c5] /+/= White's pawns structure is more
flexible, his following plan: opening the c-file with c4-c5.}) 16... Rad8 17.
Qa4 Bxf3 $1 18. gxf3 Nf6 {Now White's pawns are compromised as well and any
central advance would weaken them further. Therefore White has to behave
passively.} 19. Qc2 Rd6 20. Kh1 Rfd8 $11 21. Be2 g6 22. a4 Kg7 23. Rab1 {
/\Rb5 As White wants to activate his R and attempt to force an exchange on d4,
Black decides for another structural change.} c5 $5 {[%mdl 16]} (23... exd4 $2
24. cxd4 $36 {[%csl Gd4,Ge3] [+]}) 24. dxe5 {This is possible only if c5 is
unavailable to Black's pieces.} (24. dxc5 $2 Rxd1+ 25. Rxd1 Rxd1+ 26. Qxd1 Qxc5
$15 {[%csl Ra4,Rc3,Re3,Rf2,Rf3,Rh2] ק White would have a lot of isolated
pawns, let's also remember Capablanca's rule-a Q usually cooperates better
with a N, than with a B. (With the R it's the opposite.)}) 24... Qxe5 {[%cal
Rf6d5] /\Nd5,><c3} 25. c4 $8 (25. f4 $2 Qe4+ 26. Qxe4 Nxe4 $19) 25... Rxd1+ 26.
Rxd1 Rxd1+ 27. Qxd1 Qb2 28. Kg2 Ng8 (28... Qb4 29. Qc2 $11 {Although White's B
has limited scope, Black has no way to attack the weak ><a4,c4.}) 29. Bd3 Qc3 (
29... Nf6 $11) 30. Qb1 Ne7 31. Be4 Qxc4 ({Black's Q would have no constructive
moves after} 31... Qb4 32. Qc2 (32. Qa1+ f6 $15) 32... f5 33. Bd3 Kf7 34. h4
$132) 32. Qb2+ Kf8 $1 (32... Kg8 $2 33. Qxb6 {/\Qd8} f5 34. Bc6 $14 {[%csl Rg8]
עg8}) 33. Qxb6 Qxa4 34. Qd8+ {White rightly prefers to take the more distant
Black o^.} (34. Qxc5 $143 Qb4 $15 {[%csl Ga5] o^a}) 34... Qe8 35. Qxa5 Qc8 36.
Qc3 h5 37. h3 Qc7 38. f4 Qd6 39. Qh8+ Ng8 40. Qe5 Qe7 $5 (40... Qxe5 41. fxe5
Kg7 42. f4 f6 43. exf6+ Nxf6 44. Bd3 $14 {[%csl Rg6][%cal Yh3h4] /\h4,><g6
might cause Black some discomfort.}) 41. Kf3 Qxe5 $1 {The right moment, Black
gets rid of his weaknesses.} 42. fxe5 Kg7 43. Ke2 (43. Kf4 f6 44. Bd3 Ne7 $11)
43... f6 44. exf6+ ({Needlessly risky, although still drawish is} 44. e6 $6 {
[%csl Re6] ק} f5 45. Bc2 Kf6 46. Kd3 (46. h4 c4 $17) 46... g5 47. Kc4 Kxe6 48.
Kxc5 Ke5 {[%csl Rf2,Rh3] ׻} 49. Kc4 Nf6 50. Kd3 h4 51. Ke2 $11) 44... Nxf6 45.
Kd3 g5 $11 46. Bf3 Kg6 (46... g4 47. hxg4 hxg4 48. Bg2 Kg6 $11) 47. Kc4 Kf5 48.
Kxc5 g4 49. hxg4+ (49. Bg2 Ne4+ $11) 49... hxg4 50. Bxg4+ (50. Bg2 Ne4+ 51.
Bxe4+ (51. Kd4 $11) 51... Kxe4 52. Kd6 Kf3 53. e4 $1 {[]} Kxe4 (53... Kxf2 54.
e5 $11) 54. Ke6 Kf3 55. Kf5 $11) 1/2-1/2

[Event "FRA-chT Gp-A"]
[Site "France"]
[Date "2003.04.03"]
[Round "4.1"]
[White "Bacrot, Etienne"]
[Black "Istratescu, Andrei"]
[Result "1-0"]
[WhiteElo "2671"]
[BlackElo "2593"]
[Annotator "Stohl,I"]
[PlyCount "69"]
[EventDate "2003.01.31"]
[EventType "team"]
[EventRounds "7"]
[EventCountry "FRA"]
[SourceTitle "CBM 095"]
[Source "ChessBase"]
[SourceDate "2003.07.25"]
[SourceVersion "1"]
[SourceVersionDate "2003.07.25"]
[SourceQuality "1"]
[WhiteTeam "Paris NAO"]
[BlackTeam "Sautron"]
[WhiteTeamCountry "FRA"]
[BlackTeamCountry "FRA"]

1. e4 g6 2. d4 Bg7 3. c4 Nc6 $6 4. Nf3 (4. d5 Nd4 {enables Black to occupy the
[+] outpost, or at least get a protected o^ on d4, giving him <=>:} 5. Ne2 $5 (
5. Nc3 c5 6. Nge2 e5 (6... a6 7. Be3 e5 8. dxe6 dxe6 9. Qd2 Ne7 10. Ng3 h5 11.
h3 h4 12. Nge2 b5 13. Rd1 e5 14. Nc1 Bd7 15. Bd3 Qc8 16. f4 b4 17. Nd5 Nxd5 18.
exd5 e4 19. Bxe4 O-O 20. Kf2 Re8 21. Bd3 a5 22. Ne2 Nf5 23. Bxf5 Bxf5 $44 {
Zakharevich,I-Eliseev,A/St Petersburg/2002/}) 7. Nxd4 exd4 8. Nb5 d6 9. Bd3 a6
10. Na3 Nf6 11. O-O O-O 12. Bg5 Re8 13. Re1 h6 14. Bh4 g5 15. Bg3 Ng4 $1 16.
Qd2 Ne5 17. Be2 Qf6 18. Rab1 Qg6 19. b4 b6 20. bxc5 bxc5 21. Bd1 Ra7 22. Ba4
Rf8 23. Rb6 h5 $36 {Eriksson,J-Cicak,S/SWE-ch Skara/2002/}) 5... c5 6. Nxd4
Bxd4 (6... cxd4 7. Bd3 e5 8. O-O Nf6 9. b4 d6 10. c5 O-O 11. Nd2 Ne8 12. Nc4 f5
13. f3 f4 14. a4 g5 15. a5 Rf6 16. a6 $5 b6 17. cxb6 axb6 18. b5 h5 19. Bd2 g4
20. Qc2 Rg6 21. Nxb6 $1 gxf3 22. Rxf3 Bg4 23. Rf2 Qxb6 24. Qc6 $18 {Haba,
P-Gross,S/CS-ch Bratislava/1991/}) 7. Nd2 d6 8. Be2 (8. Nf3 Bg7 9. Be2 Nf6 10.
e5 dxe5 11. Nxe5 Nd7 (11... Ne4 $5 $11) 12. Nf3 O-O 13. O-O Qc7 14. Bg5 Nb6 15.
Qd2 Bg4 16. Rac1 Rad8 17. Rfe1 Rfe8 18. h3 Bxf3 19. Bxf3 Nc8 20. b4 b6 21. bxc5
Qxc5 22. Be3 Qd6 23. c5 bxc5 24. Bxc5 Qd7 25. Qa5 $36 {Cebalo,M-Ciuffoletti,P/
Saint Vincent/1999/}) 8... Bg7 9. O-O Nf6 10. Rb1 O-O $13 {1/2,Radziewicz,
I-Kachiani Gersinska,K/EU-chTW Leon/2001/}) 4... d6 (4... e5 5. Bg5 $1 (5. d5
Nd4 6. Nxd4 exd4 7. Bd3 $14) (5. Be3 d6 6. d5 Nce7 {[%cal Yf7f5] /\f5<=>}) 5...
Nge7 (5... f6 6. Be3 d6 7. Nc3 Nh6 8. dxe5 $5 fxe5 (8... dxe5 9. Qxd8+ Nxd8 10.
Nd5 Ne6 11. Nxf6+ $16) 9. h3 Nf7 10. Qd2 O-O 11. O-O-O Be6 12. Be2 a6 13. Nd5
$14 b5 14. c5 $1 Ne7 15. g4 Bxd5 16. exd5 dxc5 17. Bxc5 e4 18. Ng5 Bh6 19. h4
$16 {Janosevic,D-Nunn,J/Birmingham/1975/}) 6. dxe5 Nxe5 7. Nxe5 Bxe5 8. Nc3 h6
(8... c6 $6 9. f4 Bg7 10. Qd6 $1 h6 11. Bf6 Bxf6 12. Qxf6 O-O 13. O-O-O Kh7 14.
h4 d5 15. Be2 Qe8 16. cxd5 cxd5 17. exd5 Nf5 18. g4 Ng3 19. Rhe1 Qd8 20. Qxd8
Nxe2+ 21. Rxe2 Rxd8 22. Re7 Bxg4 23. Rde1 Rd7 24. Rxd7 Bxd7 25. Re7 Rd8 26.
Rxf7+ Kg8 27. Re7 $18 {Georgiev,V-Appel,R/BL 0001/2001/}) 9. Be3 d6 10. Qd2 Bg7
11. Be2 Be6 12. O-O $36 g5 13. Rad1 Ng6 14. Nb5 O-O 15. c5 Bxa2 16. cxd6 cxd6
17. Nxd6 Bb3 18. Ra1 Be5 19. Nxb7 Qb8 20. Nc5 Rd8 21. Qa5 Bxb2 22. Rab1 Bc2 23.
Qa2 $18 {Uhlmann,W-Westerinen,H/Lugano olm/1968/}) 5. d5 {()} Nb8 (5... Ne5 6.
Nxe5 Bxe5 (6... dxe5 7. Nc3 f5 8. exf5 gxf5 9. Qh5+ Kf8 10. Qe2 c6 11. g3 cxd5
12. Nxd5 e6 13. Nc3 Ne7 14. Bg2 a6 15. Be3 Qc7 16. O-O-O Rb8 $16 {1/2,Atalik,
S-Summerscale,A/Hastings/1995/}) 7. Bd3 (7. Be2 $14) 7... Bg7 (7... e6 8. Nd2
exd5 9. cxd5 Nf6 $6 10. Nf3 Nd7 11. Nxe5 Nxe5 12. O-O O-O 13. Be2 f5 14. f4 Nf7
15. exf5 Bxf5 16. Bd2 c5 17. Bc3 Qh4 18. Qd2 Rfe8 19. Rae1 Bd7 20. g3 Qh6 21.
b3 $40 {[%cal Ga1h8] /^a1-h8,Ibragimov,I-Delithanasis,D/Ano Liosia/1995/}) 8.
Nc3 Nf6 9. O-O O-O 10. h3 $14 {()} e6 11. Bg5 c6 12. Qd2 cxd5 13. cxd5 e5 14.
a4 a6 15. a5 Bd7 16. Na4 Bxa4 17. Rxa4 Rc8 18. Rc1 Qd7 19. Rac4 Rxc4 20. Rxc4
Rc8 21. Rxc8+ Qxc8 22. Qc2 Qxc2 23. Bxc2 h6 24. Be3 Nd7 25. b4 $16 {Kasparov,
G-Lefstein,B/Catonsville sim/1997/}) 6. h3 $14 {White prevents Bg4, Black now
has trouble finding a suitable sqaure for the Bc8.} (6. Nc3 Nf6 7. Be2 O-O 8.
O-O Bg4 9. h3 Bxf3 10. Bxf3 Nbd7 11. Be3 c6 12. Rc1 Qa5 13. Qd2 Rfc8 14. b3 a6
15. dxc6 bxc6 16. Na4 Qxd2 17. Bxd2 c5 $1 18. e5 Nxe5 19. Bxa8 Rxa8 $44 {
Ovsejevitsch,S-Istratescu,A/Korinthos op/2000/}) (6. Be2 Bg4 $1 7. O-O Bxf3 8.
Bxf3 Nf6 9. Nc3 O-O 10. Bf4 Nfd7 11. Qd2 c6 12. Rac1 a6 13. a3 a5 14. Bg4 Nc5
15. Qe2 Nbd7 16. Rfd1 a4 17. Bg3 Qb6 18. Bxd7 Nxd7 19. Kh1 Qb3 20. f4 Nb6 21.
dxc6 bxc6 22. c5 Nc4 23. cxd6 {Ruderfer,M-Timoscenko,G/Kiev/1970/} exd6 $17)
6... e5 (6... c6 7. Nc3 Nf6 8. Be2 (8. Bd3 $5 {-see Neverov-Rossi}) 8... O-O 9.
O-O a6 $6 (9... Nfd7 $142 $15) 10. Be3 b5 11. cxb5 cxb5 12. b4 a5 13. Rb1 axb4
14. Rxb4 Bd7 15. Bxb5 Na6 16. Rb3 Qa5 17. Bd4 e5 18. dxe6 Bxe6 19. Rb1 Nb4 20.
a4 Rfc8 21. Ng5 Bc4 22. Re1 h6 23. Nf3 Nd3 24. Re3 Nf4 25. Bxf6 Bxf6 26. Qxd6
Nxh3+ 27. gxh3 Bxc3 28. e5 Rd8 29. Qe7 Be6 30. Qh4 Rac8 31. Qxh6 Rc5 32. Rc1
Bd2 33. Rxc5 {1-0 Fridman,D-Appel,R/Essen 2001/CBM 83 (33)}) (6... Nf6 7. Bd3 (
7. Nc3 O-O 8. Bg5 Nbd7 9. Bd3 e5 10. Qd2 Nc5 11. Bc2 a5 12. O-O (12. g4 $5 $14)
12... Bd7 13. b3 Qc8 14. a3 Nh5 15. b4 axb4 16. axb4 Rxa1 17. Rxa1 Na6 18. Rb1
f5 19. exf5 gxf5 20. Bh6 Qe8 $13 {Berebora,F-Nurkic,S/Split/1999/}) 7... O-O 8.
Nc3 c6 9. O-O a5 10. Re1 Na6 11. Bg5 h6 12. Be3 e5 13. Qd2 Kh7 14. dxc6 bxc6
15. Rad1 Be6 16. Bc2 Qb8 17. Na4 d5 18. exd5 cxd5 19. Bb6 e4 20. Nd4 Bd7 21.
Bxa5 dxc4 22. Nb6 Ra7 23. Nxc4 Rc8 24. b3 $16 {Neverov,V-Rossi,C/EU-ch Ohrid/
2001/}) 7. g4 $1 $146 {[%mdl 32] White strategically limits Black's >> play,
connected with f5-this now only opens the position for White's ->.} (7. Bg5 f6
8. Bh4 Nd7 9. Nc3 b6 $2 (9... h5 $5 10. Bd3 Nh6 11. b4 Nf7 $14 {[%cal Yg7h6] /
\Bh6<=>}) 10. Be2 Nh6 11. O-O a5 12. a3 O-O 13. Qc2 g5 14. Bg3 Rf7 15. b4 Bf8
16. Nd2 Nb8 17. Rfc1 axb4 18. axb4 Rxa1 19. Rxa1 c5 20. bxc5 bxc5 21. Nb5 g4
22. hxg4 Bxg4 23. Nb3 $16 {Marcus,H-Kaufmann,H/Freudenstadt/1996/}) 7... c5 $6
{[%mdl 16384];Averbakh,Y-Panno,O ARG-URS Buenos Aires 1954 (3) 1-0 This is not
ideal, with a blockaded [+] Black's possibilities of <=> are nearly
nonexistent. The whole concept is considerd dubious for Black since the game} (
7... h5 8. g5 $36 {()}) (7... f6 $5 {[%cal Yg7h6] /\Bh6+/=}) (7... f5 8. gxf5
gxf5 9. Rg1 $36) 8. Nc3 Nf6 9. Be3 O-O 10. Be2 Ne8 11. a3 $16 a5 $6 {[%csl Rb5]
׫} 12. Qd2 Na6 13. O-O-O Bd7 (13... f5 14. exf5 gxf5 15. gxf5 Bxf5 16. Ng5 $16
) (13... f6 $142 14. Rdg1 Rf7 15. h4 Bf8 {/\Ng7+/-}) 14. Rdg1 f6 15. h4 Rf7 16.
Qd1 $5 {Frees d2 for the Be3. Bacrot's following play (g5) indicates he knew
the famous Averbakh game.} (16. g5 f5 17. Qd1 $16) 16... Nec7 (16... h6 17. g5
fxg5 18. hxg5 h5 19. Nh4 $18) 17. g5 f5 (17... Qe8 18. h5 $40 {+-}) 18. h5 f4 (
18... fxe4 19. Nh4 $1 (19. Nxe4 Bf5 $16) 19... Bf5 20. hxg6 hxg6 21. Nxf5 gxf5
22. g6 Rd7 23. Bf1 $40) 19. Bd2 Bf8 20. Rh4 $1 {[%cal Gh4h8,Gh1h8] Very
systematic-White first occupies the <->h by his major pieces (the Q behind the
R, as recommended) and only then opens it.} Rb8 21. hxg6 hxg6 22. Rgh1 Bg7 23.
R1h2 $1 $18 Rf8 24. Qh1 Kf7 {It's too late to escape.} 25. Rh7 Rh8 (25... b5 $2
26. Rxg7+ Kxg7 27. Rh7+ Kg8 28. Qh6 $18) (25... Rg8 26. R2h6 $1 $18 {[%cal
Rh6g6] /\Rg6!}) 26. Rxh8 Bxh8 27. Nb5 (27. Rh7+ $18 {wins as in the game.})
27... Nxb5 28. cxb5 Nc7 29. Rh7+ Bg7 $8 30. Rxg7+ $1 Kxg7 31. Qh6+ Kf7 32. Qh7+
Kf8 33. Nh4 Be8 34. Qh8+ Kf7 (34... Ke7 35. Qg7+ Bf7 36. Nxg6+ Ke8 37. Qf8+ $18
) 35. Nf5 $1 {[%cal Rh8g7] /\Qg7#} (35. Nf5 gxf5 (35... Bxb5 36. Nh6+ Ke7 37.
Qg7+ Ke8 38. Qf7#) (35... Ne6 36. Qh7+ Kf8 37. dxe6 gxf5 38. Qh8+ Ke7 39. Qf6#)
36. Bh5+ Ke7 37. Qg7+ Bf7 38. Qxf7#) 1-0

[Event "Cannes NAO Masters"]
[Site "Cannes"]
[Date "2002.02.27"]
[Round "6"]
[White "Gelfand, Boris"]
[Black "Topalov, Veselin"]
[Result "1/2-1/2"]
[WhiteElo "2703"]
[BlackElo "2739"]
[Annotator "Stohl,I"]
[PlyCount "81"]
[EventDate "2002.02.22"]
[EventType "tourn"]
[EventRounds "9"]
[EventCountry "FRA"]
[EventCategory "18"]
[SourceTitle "CBM 088"]
[Source "ChessBase"]
[SourceDate "2002.03.21"]
[SourceVersion "1"]
[SourceVersionDate "2002.03.21"]
[SourceQuality "1"]

1. Nf3 c5 2. c4 g6 3. d4 Bg7 4. d5 (4. e4 cxd4 5. Nxd4 Nc6 6. Be3 {-B38}) 4...
d6 5. e4 e6 $5 {A rare, but clever move order, often used by Topalov (albeit
mostly in rapid games). Black leaves the deployment of his Ng8 still undefined.
} 6. h3 (6. Nc3 exd5 ({An interesting alternative is also to keep the tension
with} 6... Ne7 7. Be2 O-O 8. O-O e5 $5 9. a3 f5 10. Ne1 Nd7 11. f3 $6 f4 12.
Nd3 h5 13. b4 b6 14. a4 $6 a5 15. bxa5 bxa5 16. Nb5 Nb8 $1 17. Kh1 g5 18. Ba3
Na6 $17 {Pelletier,Y-Minasian,A/Istanbul olm/2000/}) 7. cxd5 (7. exd5 Ne7 8.
Bd3 O-O 9. O-O Bf5 $5 $11) 7... a6 {transposes into the Benoni (A70), an
integral part of Black's repertoire.} 8. a4 (8. Bf4 b5 9. h3 Nf6 10. Bd3 O-O
11. O-O Re8 12. Re1 Ra7 13. a3 Rae7 14. Qd2 Qb6 15. b4 Nbd7 16. Rac1 Bb7 17.
Bh2 c4 18. Bc2 Ne5 $1 19. Nxe5 dxe5 20. Qe3 $6 (20. Kh1 {/\Bg1,f3+/=}) 20...
Qxe3 21. fxe3 Rb8 22. a4 Bc8 23. axb5 axb5 24. Ra1 Ne8 25. Ra5 Reb7 26. Bg3 f6
27. Rb1 Bf8 28. Be1 Be7 29. Nd1 Bd8 $15 {Gelfand,B-Topalov,V/Monte Carlo blind/
2001/}) 8... Bg4 9. Be2 Bxf3 10. Bxf3 Nf6 (10... Nd7 11. O-O Ne7 $5 12. a5 O-O
13. g3 h6 14. Bg2 Kh7 15. Bd2 f5 16. f3 b6 17. axb6 Qxb6 18. Qc2 fxe4 19. fxe4
Ne5 20. h3 Ng8 $15 {Danilov,N-Kiik,K/Tallinn/2001/}) 11. Qb3 Qe7 12. O-O O-O
13. a5 (13. Bf4 $142 $1 $36) 13... Nbd7 14. Bf4 Rab8 15. Qc2 Ne8 (15... h5 $5 {
[%cal Yf6h7,Yh7g5,Yf6g4] /\Ng4,Nh7-g5<=>}) 16. Rfe1 Nc7 17. Be2 b5 18. axb6
Rxb6 19. Ra2 Rfb8 20. Bd2 Bd4 21. Nd1 Qf6 22. Kh1 $14 {Lautier,J-Topalov,V/
Monte Carlo blind/2000/}) (6. Bd3 exd5 7. cxd5 a6 8. a4 Bg4 9. Nbd2 $5 Nd7 10.
Qb3 Qc7 11. O-O Ne7 (11... Ngf6 $142 $13) 12. Ne1 Ne5 13. h3 Nxd3 14. Nxd3 Be2
15. Re1 Bxd3 16. Qxd3 O-O 17. a5 Nc8 18. Nc4 b5 19. axb6 Nxb6 20. Na5 f5 21.
Nc6 $14 {Krivoshey,S-Priehoda,V/Komarno op/1997/}) 6... exd5 7. exd5 ({More
ambitious, but allowing transposition into playable Benoni lines is} 7. cxd5
Ne7 {This is risky, but also interesting and unclear} (7... Nf6 8. Nc3 O-O 9.
Bd3 b5 $1 {-A70}) 8. Nc3 O-O (8... f5 9. Qa4+ $5 Bd7 10. Qb3 $14) 9. Bf4 (9.
Bd3 $142) 9... h6 10. g4 $5 g5 $1 11. Be3 Ng6 12. h4 Bxg4 13. hxg5 hxg5 14. Be2
Bxf3 15. Bxf3 Nd7 16. Bg4 Nde5 17. Bf5 Re8 18. Qh5 Nd3+ 19. Kd2 Ngf4 20. Qg4
Qf6 $13 {Vallejo Pons,F-Topalov,V/ESP-chT Barcelona/2000/}) 7... Nh6 $5 (7...
Ne7 8. g4 $5 h5 (8... O-O $142 $13) 9. Rg1 hxg4 10. hxg4 Nd7 11. Nc3 Nf6 12.
Ng5 Rh4 13. f3 Kf8 14. Kf2 a6 15. a4 b6 16. Be2 Ra7 17. Rh1 Rxh1 18. Qxh1 Bd7
19. Bf4 Be8 20. Bd3 $16 {->,Mikhalevski,A-Malisov,B/ISR-ch/1996/}) 8. Qe2+ (8.
g4 O-O 9. Nc3 f5 10. g5 Nf7 $132) 8... Kf8 (8... Qe7 9. Nc3 Qxe2+ (9... Nf5 10.
g4 Nd4 11. Nxd4 cxd4 12. Ne4 O-O 13. Bg5 f6 14. Bh4 $16) 10. Bxe2 $14 {[%csl
Rd6] _|_><d6}) (8... Kd7 $5 9. Qd3 (9. Qc2 Re8+ 10. Be2 Qe7 11. Nc3 Nf5 $132)
9... Re8+ (9... Kc7 10. Be2 Bf5 11. Qb3 $14) 10. Be2 Qe7 11. Nc3 Nf5 12. Bg5
Bxc3+ 13. bxc3 f6 $13) 9. Bg5 (9. Bf4 f5 10. Ng5 Nf7 11. Qd2 (11. Ne6+ Bxe6 12.
dxe6 Ne5 (12... Qe7 13. Nc3 Bxc3+ 14. bxc3 g5 15. Bh2 Nd8 16. O-O-O f4 17. h4
$40) 13. Nc3 Nbc6 14. Be3 Nd4 15. Bxd4 cxd4 16. Nd5 Qh4 $132) 11... Qe7+ 12.
Be2 Ne5 13. O-O h6 14. Ne6+ Bxe6 15. dxe6 Nbc6 16. Nc3 Qxe6 17. Nd5 Rd8 18. Be3
Kg8 19. Rae1 Kh7 20. b4 cxb4 21. f4 Nd7 22. Bf3 Qf7 23. Nxb4 Nxb4 24. Qxb4 Nc5
25. Bd5 Qc7 26. Bxc5 $11 {Kramnik,V-Topalov,V/Monaco/2002/}) 9... f6 10. Bf4
Nf7 11. Nc3 g5 $5 (11... f5 12. Qd2 Bf6 13. Bd3 $14) 12. Bd2 (12. Be3 f5 $13)
12... h6 13. g3 (13. O-O-O $5 Na6 14. Re1 $14) 13... Na6 14. Bg2 Bf5 $1 {
Black first finishes the development of his << pieces. Although his position
seems weakened, there is no straightforward way for White to exploit this.} (
14... f5 15. O-O Bf6 16. Ne1 $5 $14 {[%cal Ye1d3,Yf2f4] /\Nd3,f4}) 15. O-O Qd7
16. Kh2 (16. Rfe1 Nb4 17. g4 Bd3 18. Qe6 Qxe6 19. dxe6 Ne5 20. Nxe5 fxe5 $132)
16... Re8 17. Qd1 (17. Be3 $142 Kg8 (17... Nb4 18. Ne1 $14) 18. a3 Kh7 19. Nb5
$14) 17... Bd3 18. Re1 Bxc4 19. b3 Bd3 (19... Bb5 20. Nxb5 $5 (20. a4 Bd3 21.
Rxe8+ Qxe8 22. Bxg5 fxg5 23. Qxd3 Nb4 $36) 20... Qxb5 21. Qc2 $44 {[%cal Rb1h7]
גb1-h7}) 20. Rxe8+ Qxe8 21. Bxg5 Be2 $1 (21... fxg5 22. Qxd3 Nb4 23. Qd2 Bxc3
24. Qxc3 Qe2 25. Re1 (25. Nd4 Qe5 26. Ne6+ Ke7 $11) 25... Qd3 26. Qf6 Nxd5 27.
Qe6 $40) (21... hxg5 22. Qxd3 $36 {[%csl Rf5] ><f5}) 22. Nxe2 (22. Qxe2 $6 Qxe2
23. Nxe2 fxg5 $15) 22... hxg5 (22... fxg5 23. Rc1 Bf6 24. Nd2 $13 {/+/=}) 23.
Qd2 f5 24. Re1 Qd8 25. Kg1 Nc7 (25... Bf6 26. h4 $1 gxh4 27. Nf4 Kg8 28. Ne6
$40) 26. h4 Bh6 27. hxg5 (27. Qc2 g4 28. Nh2 Qf6 $11) 27... Nxg5 28. Qd3 Nxf3+
29. Qxf3 Qf6 30. g4 (30. Bh3 $2 Bd2 $15) (30. Nf4 $5 Bxf4 31. Qxf4 $14 {
[%csl Rf8] עf8}) 30... Bd2 31. Rd1 Bg5 32. Ng3 (32. gxf5 Ke7 $44) (32. Qxf5
Qxf5 33. gxf5 Rh4 $11) 32... fxg4 (32... f4 33. Ne4 (33. Nf5 Ne8 34. Re1 Ng7
$11) 33... Qh6 34. b4 $5 {/\} cxb4 35. Nxg5 Qxg5 36. Rd4 $16) 33. Qxg4 Bf4 34.
Re1 Be5 35. Re3 Rh4 36. Qc8+ Ne8 37. Ne4 (37. Qxb7 Bxg3 38. Rxg3 Qa1+ 39. Bf1
Qd1 40. Kg2 (40. Qxa7 Qh5 41. Bg2 Qd1+ $11) 40... Rf4 $44 41. Rh3 Qd4 42. Rf3
Qe4 43. Be2 Rf6 $1 44. Qb5 Qxd5 $11) 37... Qg6 38. Kf1 (38. Qxb7 $5 Rg4 (38...
Bh2+ 39. Kf1 Bf4 40. Re1 Rh2 41. Bf3 $16) 39. Ng3 Nf6 (39... Qb1+ 40. Bf1 {/\}
Qxa2 41. Rf3+ Rf4 (41... Nf6 42. Rxf6+ Bxf6 43. Qc8+ $18) 42. Nf5 $1 $18) 40.
Qa8+ Kg7 41. Qxa7+ Kh6 $132) 38... Bf4 $11 39. Rh3 Rxh3 40. Qxh3 Be5 41. Bf3 (
41. Bf3 b5 42. Qc8 Qh7 43. Ke2 (43. Ng5 Qb1+ 44. Kg2 Qg6 45. Qg4 Nf6 $11) 43...
Qc7 44. Qf5+ Qf7 $11) 1/2-1/2